[Event "AUTO-INT-3950"]
[Site "http://www.queenalice.com/game.php?id=1865179"]
[Date "2025.11.4"]
[Round "1"]
[White "Quanah4"]
[Black "renet54"]
[Result "1-0"]
[WhiteElo "1697"]
[BlackElo "1592"]

1. c4 e5 2. g3 Nf6 3. Bg2 c6 4. e3 Bd6 5. Ne2 O-O 6. Nbc3 b6 7. O-O Bb7 8. d4
Qc7 9. a3 Na6 10. b4 exd4 11. exd4 c5 12. Bxb7 Qxb7 13. b5 Nc7 14. d5 Rfe8 15.
Bf4 Bxf4 16. Nxf4 Re5 17. Re1 Rae8 18. Rxe5 Rxe5 19. Qd2 d6 20. Re1 Rxe1+ 21.
Qxe1 h6 22. h3 Qc8 23. Kg2 a5 24. a4 Qf5 25. Qe7 Nce8 26. Qe3 Nc7 27. Qe7 Nce8
28. Qe3 Kh7 29. Qe7 Qc2 30. Nfe2 Qg6 31. Qe3 Nc7 32. Qe7 Ncxd5 33. cxd5 Qd3 34.
Qe3 Qxe3 35. fxe3 g5 36. g4 h5 37. Kf3 hxg4+ 38. hxg4 Nd7 39. Ng3 Ne5+ 40. Kg2
Nxg4 41. e4 Kg6 42. Nf5 f6 43. Nxd6 Ne5 44. Kg3 Kh5 45. Nf5 g4 46. Ne3 Kg5 47.
Ncd1 Ng6 48. Nxg4 Ne5 49. Nxe5 fxe5 50. Ne3 Kf6 51. Kg4 Kg6 52. Nc4 Kf6 53. Nxb6
1-0

[Event "AUTO-INT-3954"]
[Site "http://www.queenalice.com/game.php?id=1866700"]
[Date "2025.12.7"]
[Round "1"]
[White "renet54"]
[Black "game"]
[Result "0-1"]
[WhiteElo "1604"]
[BlackElo "1635"]

1. d4 d5 2. Nf3 Bf5 3. Bf4 Nc6 4. e3 e6 5. Nc3 Nb4 6. Bd3 Nf6 7. O-O Ng4 8. Bxf5
exf5 9. Qd3 Nxd3 10. cxd3 Bb4 11. a3 Bd6 12. Bxd6 Qxd6 13. Nb5 Qb6 14. a4 O-O
15. Rfc1 h5 16. Nh4 g6 17. Rxc7 Rac8 18. Rac1 a6 19. Rxc8 axb5 20. Rxf8+ Kxf8
21. g3 bxa4 22. h3 Qxb2 23. Rc8+ Kg7 24. hxg4 hxg4 25. Ng2 a3 0-1

[Event "AUTO-INT-3954"]
[Site "http://www.queenalice.com/game.php?id=1866701"]
[Date "2025.12.7"]
[Round "1"]
[White "game"]
[Black "renet54"]
[Result "1-0"]
[WhiteElo "1557"]
[BlackElo "1610"]

1. d4 Nf6 2. Nf3 g6 3. e3 Bg7 4. Ng5 O-O 5. Bd2 d5 6. Qf3 Bg4 7. Qg3 Nc6 8. Qh4
h6 9. Nf3 g5 10. Qg3 Nb4 11. Bxb4 Ne4 12. Qxg4 f5 13. Qh5 c5 14. dxc5 Bxb2 15.
Qg6+ Kh8 16. Qxh6+ Kg8 17. Qg6+ 1-0